Využitie sekvenčného transferového učenia pri trénovaní hlbokých sietí na oftalmologických obrazoch

Saved in:
Bibliographic Details
Main Author: Kridlová, Radoslava (Author)
Other Authors: Kurilová, Veronika (Thesis advisor)
Format: Manuscript Book
Language:Slovak
Published: 2025
Subjects:
Online Access:http://is.stuba.sk/zp/portal_zp.pl?podrobnosti=184406
Tags: Add Tag
No Tags, Be the first to tag this record!

MARC

LEADER 00000ntm a22000003a 4500
001 stuzp105538
003 SK-STU
005 20250614213930.0
007 ta
008 150427s2015----xo-----f-mn---000-0-slo-d
040 |a STU  |b slo 
041 0 |a slo 
100 1 |a Kridlová, Radoslava  |u 030510  |4 aut  |U FEI Fakulta elektrotechniky a informatiky  |T FEI INOLab - Centrum pre inovácie a kybernetickú bezpečnosť  |X 111325  |U 030510  |Y 846  |7 111325 
242 0 1 |a The use of sequential transfer learning in training deep neural networks on ophthalmological images  |y eng 
245 1 0 |a Využitie sekvenčného transferového učenia pri trénovaní hlbokých sietí na oftalmologických obrazoch 
260 |c 2025 
650 4 |a age-related macular degeneration  |2 eng 
650 4 |a diabetic retinopathy  |2 eng 
650 4 |a convolutional neural networks  |2 eng 
650 4 |a deep learning  |2 eng 
650 4 |a sequential transfer learning  |2 eng 
650 4 |a transfer learning  |2 eng 
650 4 |a vekom podmienená degenerácia makuly  |2 slo 
650 4 |a diabetická retinopatia  |2 slo 
650 4 |a konvolučné neurónové siete  |2 slo 
650 4 |a sekvenčné transferové učenie  |2 slo 
650 4 |a transferové učenie  |2 slo 
650 4 |a hlboké učenie  |2 slo 
700 1 |a Kurilová, Veronika  |u 030510  |k Z8  |4 ths  |U FEI Fakulta elektrotechniky a informatiky  |T FEI INOLab - Centrum pre inovácie a kybernetickú bezpečnosť  |X 8036  |U 030510  |Y 846  |7 A000008036 
856 4 |u http://is.stuba.sk/zp/portal_zp.pl?podrobnosti=184406